| 000 | 00675nam a22001937a 4500 | ||
|---|---|---|---|
| 999 |
_c174697 _d174697 |
||
| 003 | Nust | ||
| 005 | 20180117090022.0 | ||
| 008 | 170207b xxu||||| |||| 00| 0 eng d | ||
| 020 | _a9789698721558 | ||
| 040 |
_a0 _c0 |
||
| 082 | _a327.5491054 NOO | ||
| 100 | _4DR. Noor ul Haq | ||
| 245 |
_aManagement of Pakistan - India Relations _bResolution of Disputes |
||
| 260 |
_aIslamabad _bIslamabad Policy Research Institute _c2017 |
||
| 300 |
_a151p _c24 cm. |
||
| 650 | _2Foreign Relations - Pakistan - India | ||
| 942 |
_2ddc _cBK |
||